000 01330 a2200421 4500
264 _aAnkara :
_bTOBB ETÜ Fen Bilimleri Enstitüsü,
_c2010.
999 _c200002198
_d35066
001 200002198
003 TR-AnTOB
005 20260210134036.0
008 130405s2010 tu 000 0
040 _aTR-AnTOB
_cTR-AnTOB
041 0 _atur
099 _aTEZ TOBB FBE ELE YL'10 KAR
100 1 _aKarataş, Engin
_971169
245 1 0 _aTek bakış açısı derinlik kestirimi yöntemi ile robot denetimi /
_cEngin Karataş.
300 _axi,91 p. ;
_c29 cm.
502 _aTez (Y. Lisans)--TOBB ETÜ Fen Bilimleri Enst. Ağustos 2010.
504 _aIncludes bibliographical references
650 0 0 _932546
_aTezler, Akademik
650 0 0 _aDissertations, Academic
_932543
653 _aÇok erkinli sistemler.
653 _aFormation control.
653 _aFeedback linearization.
653 _aRobot vision.
653 _aOpenCV.
653 _aMulti agent systems
653 _aDizilim denetimi.
653 _aGeri besleme doğrusallaştırması.
653 _aRobot görüşü.
653 0 _aOpenCV.
710 2 _aTOBB Ekonomi ve Teknoloji Üniversitesi.
_bFen Bilimleri Enstitüsü
_977078
856 _ahttp://tez2.yok.gov.tr/
902 _aTZ00112
903 _aMerkez Kütüphane.
942 _cTEZ
_2z
945 _aAİB.